| 000 | 00473nam a22001577a 4500 | ||
|---|---|---|---|
| 003 | SGT | ||
| 020 | _a9780070153257 | ||
| 082 | _a658.3,MUK | ||
| 100 | _aMUKHERJEE ,KUMKUM | ||
| 245 | _aPRINCIPLES OF MANAGEMENT AND ORGANIZATIONAL BEHAVIOUR | ||
| 260 |
_aNEW DELHI _bTMH _c2010 |
||
| 300 | _a272 | ||
| 650 | _aHUMAN RESOURCE MANAGEMENT | ||
| 653 | _aMANAGEMENT TO ORGANISATIONAL BEHAVIOR, NATURE OF ORGANIZATIONS,EVOLUTION OF MANAGEMENT THOUGHTS | ||
| 942 |
_2ddc _cFCM _07 |
||
| 999 |
_c9207 _d9207 |
||